000
00299nam a22001337a 4500
008
181210b xxu||||| |||| 00| 0 eng d
020
_a
471340901
041
_a
eng
080
_a
510
100
_a
38
101
_a
MAT
245
_a
Ordinary Differential Equations
_c
Jack.LB
942
_2
udc
_c
BK
999
_c
53109
_d
53109